000 00322nam a22001217a 4500
008 181015b xxu||||| |||| 00| 0 eng d
041 _aeng
080 _24 ed
_a941
100 _a16
101 _aHIS
245 _aFrom Tigris To The Tiber An Introduction To Ancient Hidtory
_cJones.T.B
942 _2udc
_cBK
999 _c49771
_d49771